| 000 | 00909nam a22002297a 4500 | ||
|---|---|---|---|
| 005 | 20170816164816.0 | ||
| 010 | _aB-530222-237 | ||
| 020 |
_a9781472308573 _c299.00 |
||
| 020 |
_a9781472308573 _c350.00 (AV) |
||
| 035 | _aB-530222-237 | ||
| 035 | _aB-665081 | ||
| 037 |
_adpl _bBlueberry/Ven |
||
| 082 | _a612 | ||
| 100 | _aMorgan, Sally | ||
| 245 |
_aHuman body: _bdiscover how our amazing bodies work/ _cby Sally Morgan |
||
| 260 |
_aUK _bParragon _c2013 |
||
| 270 |
_aParragon Chartist House 15-17 Trim Street Bath, BA1 1HA, _bUK _mwww.parragonpublishing.in |
||
| 300 |
_a96p.: _bcol.ill _c26cm(Hb) |
||
| 942 |
_2ddc _cCH _h612 _mMOR |
||
| 999 |
_c84736 _d84736 |
||